| 000 | 00731nam a22002537a 4500 | ||
|---|---|---|---|
| 999 |
_c4842 _d4842 |
||
| 001 | 6652 | ||
| 003 | BD-DhUAP | ||
| 005 | 20201122152141.0 | ||
| 008 | 201122s1994 nyua|||| |||| 001 0 eng d | ||
| 020 | _a0471544086 | ||
| 040 |
_aBD-DhUAP _bEng _cBD-DhUAP _dBD-DhUAP |
||
| 082 |
_223 _a570 BRU |
||
| 100 | _aBrum, Gilbert D. | ||
| 245 |
_aBiology : _bexploring life / _cGilbert D. Brum, Larry McKane and Gerald Karp. |
||
| 250 | _a2nd ed. | ||
| 260 |
_aNew York : _bJ. Wiley & Sons, _cc1994. |
||
| 300 |
_avolumes : _billustrations ; _c28 cm. |
||
| 500 | _aIncludes index. | ||
| 505 | _aV. 2- From function of plant life. | ||
| 650 | _aBiology. | ||
| 700 | _aMcKane, Larry. | ||
| 700 | _aKarp, Gerald. | ||
| 942 |
_2ddc _cBK |
||